| 000 | 00606nam a2200181Ia 4500 | ||
|---|---|---|---|
| 008 | 090123s9999 xx 000 0 und d | ||
| 082 |
_b8069 _a891.463/हिवरा |
||
| 100 | _aहिवराळे सुखराम | ||
| 245 | _aआभाळ आणि जागरण | ||
| 250 | _a0 | ||
| 260 | _bप्रचार प्रकाशन | ||
| 300 | _a147 | ||
| 600 | _aहिवराळे सुखराम | ||
| 630 | _aआभाळ आणि जागरण | ||
| 700 | _aहिवराळे सुखराम | ||
| 730 | _aआभाळ आणि जागरण | ||
| 942 | _cBOOK | ||
| 999 |
_c46135 _d46135 |
||